Un nuovo modo di essere donna. (Record n. 206475)
[ formato base ]
| 000 -LEADER | |
|---|---|
| campo di controllo lung. fissa | 00766npc a2200229Ia 4500 |
| 001 - Numero di controllo | |
| campo di controllo | dp5/4-1624 [d000001674] |
| 003 - Identificatore del numero di controllo | |
| campo di controllo | IT-MiCISF |
| 005 - Data e orario dell'ultima transazione | |
| campo di controllo | 20250520115904.0 |
| 008 - Elementi di lunghezza fissa--Informazione generale | |
| campo di controllo lung. fissa | 161014s9999||||xx | und|| |
| 040 ## - Fonte della catalogazione | |
| Agenzia catalografica originale | IT-MiCISF |
| Agenzia che fa la trascrizione | IT-MiCISF |
| 041 ## - Codice di lingua | |
| Codice di lingua del testo/traccia sonora o titolo separato | it |
| 100 ## - Accesso principale -- nome di persona | |
| Nome di persona | Tranquillini Giuseppe (et al.) |
| 9 (RLIN) | 62191 |
| 245 #0 - Formulazione del titolo | |
| Titolo | Un nuovo modo di essere donna. |
| Complemento del titolo | XII convegno di studio sui problemi della vedovanza |
| 260 ## - Pubblicazione, distribuzione, ecc. (stampa) | |
| Luogo di pubblicazione, distribuzione, ecc. | Sestri Levante (GE), |
| Nome dell'editore, distributore, ecc. | Movimento di spiritualità vedovile-Opera Madonna del Grappa, |
| Data di pubblicazione, distribuzione, ecc. | 1983 |
| 300 ## - Descrizione fisica | |
| Estensione | pp. 42 |
| 500 ## - Nota generale | |
| Nota generale | / vedovanza, pastorale, donna, spiritualità / |
| 650 ## - Accesso aggiunto di soggetto--termine topico | |
| Termine topico o nome geografico come accesso | pastorale |
| 654 ## - Accesso aggiunto di soggetto--termini topici faccettati | |
| Termine principale | sussidio |
| 700 ## - Accesso aggiunto--nome di persona | |
| Nome di persona | Gatti M., Contini I., Menconi A., D'Ambrosi R. |
| 9 (RLIN) | 62192 |
| 942 ## - Dati aggiuntivi (Koha) | |
| Tipo copia default (Koha) | DOCUMENTI |
| Fonte della classificazione o dello schema di collocazione (segnatura) | Dewey Decimal Classification |
| 999 ## - Sys Number locale (Koha) | |
| Koha Dewey Subclass [OBSOLETE] | si |
| Ritirato (status) | Perso (status) | Danneggiato (status) | Non per il presito | Biblioteca proprietaria | Biblioteca in cui si trova | Data d'acquisizione | Totale prestiti | Collocazione | Data ultima operazione | Prezzo in vigore dal | Tipo copia default (Koha) | Nota pubblica |
|---|---|---|---|---|---|---|---|---|---|---|---|---|
| Buone Condizioni | Not For Loan | CISF - Milano | CISF - Milano | 14/10/2016 | dp5/4-1624 [d000001674] | 14/10/2016 | 14/10/2016 | DOCUMENTI | Data import 15.10.2016 / by Epidotti, Vaglietti |